LEADER 06712nam 2200517 450 001 9910792898803321 005 20230809222900.0 010 $a1-4725-8819-3 035 $a(CKB)3710000001084238 035 $a(MiAaPQ)EBC4817858 035 $a(EXLCZ)993710000001084238 100 $a20170317h20172017 uy 0 101 0 $aeng 135 $aurcnu|||||||| 181 $2rdacontent 182 $2rdamedia 183 $2rdacarrier 200 00$aDocumenting performance $ethe context and processes of digital curation and archiving /$fedited by Toni Sant 210 1$aLondon, England :$cBloomsbury Methuen Drama,$d2017. 210 4$dİ2017 215 $a1 online resource (393 pages) $cillustrations, tables 311 $a1-4725-8817-7 311 $a1-4725-8820-7 320 $aIncludes bibliographical references and index. 327 $aMachine generated contents note: -- 1. Documenting Performance: An Introduction -- Toni Sant (University of Hull, United Kingdom) Part I: Documenting Performance in a Digital Curation Context -- 2. Performing Arts and Their Memories -- Daniela Salazar (New University of Lisbon, Portugal) -- 3. Description Models for Documenting Performance -- Alberto Pendo?n (Miguel de Cervantes Municipal Theatre, Spain) and -- Gema Bueno (Charles III University of Madrid, Spain) -- 4. Intellectual Property Matters for Documenting Performance -- Jeanine Rizzo (Fenech & Fenech Advocates, Malta) -- 5. Expanding Documentation, or making the most of the cracks in the wall -- Annet Dekker (Piet Zwart Institute, the Netherlands), -- Gabriella Giannachi (University of Exeter, United Kingdom), and -- Vivian van Saaze (Maastricht University, the Netherlands) Part II: Ways of Documenting -- 6. Remembering Performance Through the Practice of Oral History -- Panayiota Demitriou (University of Bristol, United Kingdom) -- 7. Translating Performance: desire, intention and interpretation in photographic documents -- Helen Newall (Edge Hill University, United Kingdom), -- Amy Skinner (University of Hull, United Kingdom), and -- Allan Taylor (University of East London, United Kingdom) -- 8. Documenting Audience Experience: Social Media as Lively Stratification -- Joanna Bucknall (The University of Portsmouth, United Kingdom) and -- Kirsty Sedgman (United Kingdom) -- 9. Web Archiving and Participation: the future history of performance? -- Vanessa Bartlett (University of New South Wales, Australia) -- 10. Documenting Digital Performance Artworks -- Adam Nash (RMIT University, Australia) and -- Laurene Vaughan (RMIT University, Australia) Part III: Documenting and Archiving -- 11. Paradocumentation and NT Live's 'CumberHamlet' -- Daisy Abbott (Glasgow School of Art, United Kingdom) and -- Claire Read (University of Roehampton, United Kingdom) -- 12. Archiving Shakespeare and Thinking Virtually in a Distracted Globe -- Alvin Eng Hui Lim (National University of Singapore, Singapore) -- 13. From Copper-Plate Inscriptions to Interactive Websites: Documenting Javanese Wayang Theatre -- Miguel Escobar (National University of Singapore, Singapore) -- 14. Documenting Music Performance in the Western Australian New Music Archive -- Cat Hope (Western Australian Academy of Performing Arts, Australia), -- Adam Trainer (Western Australian Academy of Performing Arts, Australia), and Lelia Green (Western Australian Academy of Performing Arts, Australia) -- 15. Participation and Presence: Propositional Frameworks for Engaging Users in the Design of the Circus Oz Living Archive -- Laurene Vaughan (RMIT University, Australia) Part IV: Documenting Bodies in Motion 16. What do we document? Dense video and the epistemology of practice -- Ben Spatz (University of Huddersfield, United Kingdom) -- 17. The Pleasures of Writing about the Pleasures of the Practice: Documenting Psychophysical Performer Training -- Alissa Clarke (De Montfort University, United Kingdom) -- 18. Dance Archival Futures: Embodied Knowledge and the Digital Archive of Dance -- Laura Griffiths (Leeds Beckett University, United Kingdom) -- 19. Documenting Dance: Tools, Frameworks and Digital Transformation -- Sarah Whatley (Coventry University, United Kingdom) List of Contributors -- Notes -- Index. 330 $a"Performance in the digital age has undergone a radical shift in which a once ephemeral art form can now be relived, replayed and repeated. Until now, much scholarship has been devoted to the nature of live performance in the digital age; Documenting Performance is the first book to provide a collection of key writings about the process of documenting performance, focused not on questions of liveness or the artistic qualities of documents, but rather on the professional approaches to recovering, preserving and disseminating knowledge of live performance. Through its four-part structure, the volume introduces readers to important writings by international practitioners and scholars on: * the contemporary context for documenting performance * processes of documenting performance * documenting bodies in motion * documenting to create In each, chapters examine the ways performance is documented and the issues arising out of the process of documenting performance. While theorists have argued that performance becomes something else whenever it is documented, the writings reveal how the documents themselves cannot be regarded simply as incomplete remains from live events. The methods for preserving and managing them over time, ensuring easy access of such materials in systematic archives and collections, requires professional attention in its own right. Through the process of documenting performance, artists acquire a different perspective on their own work, audiences can recall specific images and sounds for works they have witnessed in person, and others who did not see the original work can trace the memories of particular events, or use them to gain an understanding of something that would otherwise remain unknown to them and their peers"--$cProvided by publisher. 606 $aPerforming arts archives 606 $aArchives$xPhilosophy 606 $aArchives$xManagement 606 $aPerforming arts$xArchival resources 606 $aDigital preservation 615 0$aPerforming arts archives. 615 0$aArchives$xPhilosophy. 615 0$aArchives$xManagement. 615 0$aPerforming arts$xArchival resources. 615 0$aDigital preservation. 676 $a026/.792 686 $aPER011000$2bisacsh 702 $aSant$b Toni 801 0$bMiAaPQ 801 1$bMiAaPQ 801 2$bMiAaPQ 906 $aBOOK 912 $a9910792898803321 996 $aDocumenting performance$93718969 997 $aUNINA LEADER 01660nas 2200481 c 450 001 9910895180203321 005 20260218112803.0 024 8 $aKir479 035 $a(CKB)3790000000121980 035 $a(DE-599)ZDB2677805-1 035 $a(OCoLC)1184491398 035 $a(OCoLC)812230578 035 $a(OCoLC)869865374 035 $a(DE-101)1025142616 035 $a(DE-599)2677805-1 035 $a(EXLCZ)993790000000121980 100 $a20120815b18041841 |y | 101 0 $ager 135 $aur||||||||||| 181 $ctxt$2rdacontent 182 $cc$2rdamedia 183 $acr$2rdacarrier 200 00$aJenaische allgemeine Literatur-Zeitung$h[...]$iIntelligenzblatt der Jenaischen allgemeinen Literaturzeitung 210 31$aJena$cLiteraturzeitung$aLeipzig$cKo?nigl.-Sa?chs. Zeitungsexpedition$d1804-1841 215 $aOnline-Ressource 225 0 $aZeitschriften der HAAB Weimar 225 0 $aGoethes Privatbibliothek in der Klassik Stiftung Weimar 300 $aGesehen am 15.08.2012 517 1 $aJenaische allgemeine Literatur-Zeitung / Intelligenzblatt 517 3 $aJenaische allgemeine Literatur-Zeitung / Intelligenzbla?tter 517 3 $aZeitschriften der HAAB Weimar / Jenaische allgemeine Literatur-Zeitung 517 3 $aGoethes Privatbibliothek in der Klassik Stiftung Weimar / Jenaische allgemeine Literatur-Zeitung 608 $aZeitung$2gnd-content 676 $a800 676 $a830 686 $aAV 11000$2rvk 801 0$b0027 801 1$bDE-101 801 2$b9001 906 $aJOURNAL 912 $a9910895180203321 996 $aJenaische allgemeine Literatur-Zeitung$94263690 997 $aUNINA